书目信息 |
| 题名: |
中草药方剂
|
|
| 作者: | 王芳 主编 | |
| 分册: | ||
| 出版信息: | 延吉 延边人民出版社 2003 |
|
| 页数: | 244页 | |
| 开本: | 20cm | |
| 丛书名: | 实用中草药栽培丛书 | |
| 单 册: | ||
| 中图分类: | R289 | |
| 科图分类: | ||
| 主题词: | 方剂学 | |
| 电子资源: | ||
| ISBN: | 7-80648-659-3 | |
| 000 | 00764oam2 2200253 45 | |
| 001 | 012005081831 | |
| 005 | 20070709154544.15 | |
| 010 | @a7-80648-659-3@dCNY10.00 | |
| 092 | @aCN@b179201 | |
| 100 | @a20050818d2003 em y0chiy0120 ea | |
| 101 | 0 | @achi |
| 102 | @aCN@b220000 | |
| 105 | @ay z 000yy | |
| 200 | 1 | @a中草药方剂@9zhong cao yao fang ji@f王芳主编 |
| 210 | @a延吉@c延边人民出版社@d2003 | |
| 215 | @a244页@d20cm | |
| 225 | 2 | @a实用中草药栽培丛书 |
| 330 | @a该书按内科、外科、妇科、小儿科、皮肤科、五官科、男病科、肿瘤科、中毒急救等方面分门别类,并附以新医疗法。 | |
| 461 | 0 | @12001 @a实用中草药栽培丛书 |
| 606 | 0 | @a方剂学 |
| 690 | @aR289@v4 | |
| 701 | 0 | @a王芳@9wang fang@4主编 |
| 801 | 0 | @aCN@bLZJBOOK@c20070709 |
| 905 | @a10447@dR283@e218 | |
| 中草药方剂/王芳主编.-延吉:延边人民出版社,2003 |
| 244页;20cm.-(实用中草药栽培丛书) |
| ISBN 7-80648-659-3:CNY10.00 |
| 该书按内科、外科、妇科、小儿科、皮肤科、五官科、男病科、肿瘤科、中毒急救等方面分门别类,并附以新医疗法。 |
| ● |
| 相关链接 |
|
|
|
|
正题名:中草药方剂
索取号:R283/218
 
预约/预借
| 序号 | 登录号 | 条形码 | 馆藏地/架位号 | 状态 | 备注 |
| 1 | 0552661 | 205526616 | 第二样本阅览室/ [索取号:R283/218] | 在馆 | |
| 2 | 0552662 | 205526625 | 第三借阅区/ [索取号:R283/218] | 在馆 | |
| 3 | 0552663 | 205526634 | 第三借阅区/ [索取号:R283/218] | 在馆 | |
| 4 | 0552664 | 205526643 | 第三借阅区/ [索取号:R283/218] | 在馆 | |
| 5 | 0552665 | 205526652 | 第三借阅区/ [索取号:R283/218] | 在馆 |